First 100 Words - Treasure Island - Statistics

General Stats
  • This quiz has been taken 11 times
  • The average score is 39 of 100
Answer Stats
Answer % Correct
I
100%
the
100%
is
88%
in
75%
Island,
75%
island,
75%
of
75%
and
63%
it
63%
my
63%
to
63%
Treasure
63%
treasure
63%
'Admiral
50%
as
50%
Benbow'
50%
from
50%
go
50%
if
50%
inn,
50%
that
50%
there
50%
but
38%
father
38%
me
38%
not
38%
old
38%
down
25%
him
25%
remember
25%
time
25%
up
25%
were
25%
when
25%
with
25%
yesterday,
25%
back
13%
bearings
13%
because
13%
brown
13%
Dr
13%
fiirst
13%
kept
13%
Livesey,
13%
only
13%
our
13%
pen
13%
rest
13%
seaman,
13%
Squire
13%
still
13%
these
13%
Trelawney,
13%
whole
13%
17—,
0%
about
0%
asked
0%
beginning
0%
cut,
0%
end,
0%
gentlemen
0%
grace
0%
having
0%
his
0%
keeping
0%
lifted,
0%
lodging
0%
nothing
0%
particulars
0%
roof.
0%
sabre
0%
take
0%
took
0%
under
0%
write
0%
year
0%
yet
0%
No matching quizzes found
Score Distribution
Percent of People with Each Score
Percentile by Number Answered
Your Score History
You have not taken this quiz